Faculty of Law Library — Cairo University

Official Online Catalog

Arbitral awards of the Cairo regional center for international commercial arbitration / (Record no. 65824)

MARC details
000 -LEADER
fixed length control field 01161nam a2200301 i 4500
003 - CONTROL NUMBER IDENTIFIER
control field EG-GICUC
005 - DATE AND TIME OF LATEST TRANSACTION
control field 20260308114138.0
008 - FIXED-LENGTH DATA ELEMENTS--GENERAL INFORMATION
fixed length control field 260308s2000 -us||||fr|||| 00| 0 eng d
020 ## - INTERNATIONAL STANDARD BOOK NUMBER
International Standard Book Number 9041112219
020 ## - INTERNATIONAL STANDARD BOOK NUMBER
International Standard Book Number 9789041112217
040 ## - CATALOGING SOURCE
Original cataloging agency EG-GiCUC
Language of cataloging eng
Transcribing agency EG-GiCUC
Modifying agency EG-GiCUC
Description conventions rda
082 04 - DEWEY DECIMAL CLASSIFICATION NUMBER
Edition number 21
Classification number 341.224
092 04 - LOCALLY ASSIGNED DEWEY CALL NUMBER (OCLC)
Edition number 21
099 ## - LOCAL FREE-TEXT CALL NUMBER (OCLC)
Classification number Law 12 2000
245 00 - TITLE STATEMENT
Title Arbitral awards of the Cairo regional center for international commercial arbitration /
Statement of responsibility, etc. Compiled, translated and annotated by DR. Mohie ElDin I. Alam ElDin ; perface by M. I. M. Aboul-Enein ; English editing and legal commentary by Nudrat B. Majeed.
264 ## - PRODUCTION, PUBLICATION, DISTRIBUTION, MANUFACTURE, AND COPYRIGHT NOTICE
Place of production, publication, distribution, manufacture The Hgue ;
-- London ;
-- Boston :
Name of producer, publisher, distributor, manufacturer Kluwer law international,
Date of production, publication, distribution, manufacture, or copyright notice 2000.
300 ## - PHYSICAL DESCRIPTION
Extent x, 258 pages ;
Dimensions 24 cm
336 ## - CONTENT TYPE
Source rda content
Content type term text
337 ## - MEDIA TYPE
Source rda media
Media type term Computer
338 ## - CARRIER TYPE
Source rda carrier
Carrier type term Online Resource
504 ## - BIBLIOGRAPHY, ETC. NOTE
Bibliography, etc. note Bibliography: pages 200-250.
650 10 - SUBJECT ADDED ENTRY--TOPICAL TERM
Topical term or geographic name entry element Arbitration and award
Geographic subdivision Egypt
650 10 - SUBJECT ADDED ENTRY--TOPICAL TERM
Topical term or geographic name entry element International commercial arbitration.
700 1# - ADDED ENTRY--PERSONAL NAME
Personal name Alam ElDin, Mohie ElDin I.
856 40 - ELECTRONIC LOCATION AND ACCESS
Uniform Resource Identifier <a href="https://fll.law.cu.edu.eg/fulltext/bks/ENGB12-00065.pdf">https://fll.law.cu.edu.eg/fulltext/bks/ENGB12-00065.pdf</a>
905 ## - Cataloger and Reviser Names
Cataloger Name: Hend El khosy
942 ## - ADDED ENTRY ELEMENTS (KOHA)
Source of classification or shelving scheme Dewey Decimal Classification
Koha item type Books
Edition 21
Suppress in OPAC No
Holdings
Withdrawn status Lost status Source of classification or shelving scheme Damaged status Not for loan Collection Home library Current library Date acquired Total checkouts Full call number Barcode Date last seen Copy number Price effective from Koha item type Public note
    Dewey Decimal Classification     القانون الدولي الخاص جــــامعة القــاهرة مكتبة كلية الحقوق - فـرع الشيخ زايد 08.03.2026   Law2 12 347.244 AR 2000 1200065 C1 ENGB12-00065 08.03.2026 1 08.03.2026 Books 1572

© All rights reserved — Faculty of Law, Cairo University